| 000 | 00843nam a22002657a 4500 | ||
|---|---|---|---|
| 001 | 000331 | ||
| 003 | DO-SdBNP | ||
| 005 | 20220607074930.0 | ||
| 007 | 000331 | ||
| 008 | 160628b2009 sp 00| 0 spa d | ||
| 020 | _a9788420474434 | ||
| 040 |
_aBPMSU _bspa _cBPMSU |
||
| 082 |
_aU863.6 _bO58c 2009 _222 |
||
| 100 | 1 |
_aOnetti, Juan Carlos, _d1909-1994. |
|
| 245 | 1 | 0 |
_aCuentos completos (1933-1993) / _cJuan Carlos Onetti ; edición de Hortensia Campanella. _b |
| 246 | 1 | 4 | _aCuentos completos |
| 260 |
_aMadrid : _b Alfaguara, _c2009. |
||
| 300 |
_a536 p. ; _c24 cm. |
||
| 500 | _aIncluye datos biográficos de la autor en la solapa de la cubierta. | ||
| 590 | _6Inventariado, 2022/VM | ||
| 650 | 4 |
_aCuentos uruguayos. _vColecciones |
|
| 700 | 1 |
_aCampanella, Hortensia, _d1947- _eedición |
|
| 910 | _aVMateo V. | ||
| 942 |
_2ddc _cBK |
||
| 999 |
_c10621 _d10621 |
||